| 000 | 00434nam a2200169Ia 4500 | ||
|---|---|---|---|
| 003 | GCL | ||
| 008 | 140319s9999 xx 000 0 eng d | ||
| 040 |
_aGCL / _cGCL |
||
| 082 | 0 | 4 |
_a388.342 _bB T |
| 100 | 1 | _aBOWLER, MICHAEL | |
| 245 | 1 | 0 |
_aTrack Tests: Sports Cars / _cBOWLER, MICHAEL |
| 260 |
_a[S.N] : _bHAM LYN ، _c1981 |
||
| 300 | _a144 P P | ||
| 650 | 0 | 4 | _aTRACKED LANDING VEHICLES |
| 650 | 0 | 4 | _aSPORT CARS |
| 942 |
_2ddc _cBK |
||
| 999 |
_c16743 _d16743 |
||